| 000 | 00599nam a2200241Ia 4500 | ||
|---|---|---|---|
| 008 | 170203s9999 xx 000 0 und d | ||
| 020 | _a431184291 | ||
| 050 | _a796.48 | ||
| 050 | _b.G131a 2003 | ||
| 100 | _aGaff, Jackie. | ||
| 245 | _aAncient Olympics / | ||
| 245 | _cJackie Gaff. | ||
| 260 | _aChicago, Ill. : | ||
| 260 | _bHeinemann Library, | ||
| 260 | _c2003 | ||
| 300 | _a32 pages : | ||
| 300 | _bcol. ill. ; | ||
| 300 | _c29 cm. | ||
| 440 | _aThe Olympics. | ||
| 650 | _aOlympic games (Ancient) | ||
| 650 | _aOlympic games (Ancient)-- | ||
| 650 | _xJuvenile literature. | ||
| 999 |
_c305496 _d305496 |
||